Resúmenes [del] XI Congreso Argentino de Horticultura /

Guardado en:
Autores Corporativos: Congreso Argentino de Horticultura Mendoza), Asociación Argentina de Horticultura.
Formato: Libro
Idioma:Spanish
Publicado: [Mendoza : Asociación Argentina de Horticultura, 1988].
Etiquetas: Agregar Etiqueta
Sin Etiquetas, Sea el primero en etiquetar este registro!
LEADER 00612nam a22001455a 4500
001 EEA.libagro004402
005 20181122125837.0
008 130809s1988####ag a##########100#0#spa#d
082 0 4 |a 635 
111 2 |a Congreso Argentino de Horticultura  |n (11 :  |d 12 al 16 de setiembre de 1988 :  |c Mendoza) 
245 1 0 |a Resúmenes [del] XI Congreso Argentino de Horticultura /  |c Asociación Argentina de Horticultura. 
260 |a [Mendoza :  |b Asociación Argentina de Horticultura,  |c 1988]. 
300 |a 88 p. :  |b il. ;  |c 30 cm. 
710 2 |a Asociación Argentina de Horticultura. 
859 |a AR-BbBCA  |b BIB. AGRONOMIA  |h 635  |i A837 11 1988  |p 1990/1645